000 00557nam a2200229Ia 4500
003 OSt
005 20221005125149.0
006 a|||||r|||| 00| 0
007 ta
008 221004b |||||||| |||| 00| 0 eng d
024 _a50798
037 _cTextual
040 _aCRL
_cCRL
_beng
041 _2eng
_aeng
082 _aQ126:4x6:1, 112F6
100 _aCaland W
245 0 _aOver het vaikhanasa sutras
260 _c1926
650 _aRELIGION
942 _hQ126:4x6:1, 112F6
_cTEXL
_2cc
999 _c1053138
_d1053138